000
00324nam a2200133Ia 4500
008
190723s9999 xx 000 0 und d
020
_a
978-81-203-1810-6
100
_a
Kerry Con
245
0
_a
Red Hat Linux administrator's Guide
250
_a
2rd
260
_a
New Delhi
_b
Pearson
_c
2009
300
_a
784:p
942
_c
BK
999
_c
1517
_d
1517